000 00594cam a2200145 4500500
005 20260405003252.0
041 _afre
042 _adc
100 1 0 _aCampana, Marie-Noëlle
_eauthor
245 0 0 _aDavid Bellos, Le poisson et le bananier , Une fabuleuse histoire de la traduction. Trad. de l’anglais par D. Loayza en collaboration avec l’auteur. Flammarion, 2012, 392 pages, 22,90 €
260 _c2012.
500 _a19
786 0 _nÉtudes | 417 | 7 | 2012-07-01 | p. X-X | 0014-1941
856 4 1 _uhttps://shs.cairn.info/revue-etudes-2012-7-page-X?lang=fr&redirect-ssocas=7080
999 _c2065945
_d2065945